Madrid-Barajas Airport Destinations (2025) - Statistics

General Stats
  • This quiz has been taken 99 times
  • The average score is 126 of 205
Answer Stats
Country City % Correct
Albania Tirana
93%
Argentina Buenos Aires
87%
Portugal Porto
87%
Algeria Algiers
85%
Portugal Lisbon
85%
Brazil Rio de Janeiro
85%
Brazil Sao Paulo
85%
Belgium Brussels
83%
Mexico Mexico City
83%
Austria Vienna
83%
Spain Barcelona
82%
China Beijing
82%
France Paris
82%
Spain Seville
82%
Greece Athens
80%
Spain Bilbao
80%
Bulgaria Sofia
80%
Canada Toronto
80%
Romania Bucharest
79%
Morocco Casablanca
79%
France Marseille
79%
Italy Milan
79%
France Nice
79%
Norway Oslo
79%
Dominican Republic Santo Domingo
79%
China Shanghai
79%
Colombia Bogota
77%
Cuba Havana
77%
Peru Lima
77%
Morocco Rabat
77%
Italy Rome
77%
South Korea Seoul
77%
Spain Valencia
77%
Croacia Zagreb
77%
France Bordeaux
76%
Egypt Cairo
76%
Finland Helsinki
76%
Italy Naples
76%
United States New York
76%
Spain Palma de Mallorca
76%
Spain Tenerife
76%
Poland Warsaw
76%
Hungary Budapest
75%
Mexico Cancun
75%
Denmark Copenhagen
75%
Ireland Dublin
75%
Luxembourg Luxembourg
75%
Morocco Marrakesh
75%
Canada Montreal
75%
Panama Panama City
75%
Czech Republic Prague
75%
Japan Tokyo
75%
Spain Alicante
73%
Netherlands Amsterdam
73%
Venezuela Caracas
73%
Mexico Guadalajara
73%
Spain Ibiza
73%
Poland Krakow
73%
United States Los Angeles
73%
France Lyon
73%
United States Miami
73%
Italy Palermo
73%
Ecuador Quito
73%
Israel Tel Aviv
73%
Switzerland Zurich
73%
Serbia Belgrade
72%
United States Boston
72%
United States Chicago
72%
Qatar Doha
72%
Italy Florence
72%
Turkey Istanbul
72%
Colombia Medellin
72%
Uruguay Montevideo
72%
India New Delhi
72%
Iceland Reykjavik
72%
El Salvador San Salvador
72%
Croacia Split
72%
Italy Turin
72%
Italy Venice
72%
United Arab Emirates Abu Dhabi
70%
Ethiopia Addis Ababa
70%
United States Atlanta
70%
Thailand Bangkok
70%
Senegal Dakar
70%
United States Dallas
70%
United Arab Emirates Dubai
70%
Portugal Faro
70%
Spain Malaga
70%
Sweden Stockholm
70%
United States Washington D.C.
70%
Paraguay Asuncion
69%
Argentina Cordoba
69%
Switzerland Geneva
69%
Mexico Monterrey
69%
Latvia Riga
69%
United States San Francisco
69%
Lebanon Beirut
68%
Norway Bergen
68%
Guatemala Guatemala City
68%
Malta Malta
68%
United States Orlando
68%
Italy Pisa
68%
Spain Santiago de Compostela
68%
Tunisia Tunis
68%
Italy Bari
66%
Saudi Arabia Jeddah
66%
Slovenia Ljubljana
66%
Costa Rica San Jose
66%
France Toulouse
66%
Spain A Coruna
65%
Jordan Amman
65%
Spain Gran Canaria
65%
China Hong Kong
65%
Austria Innsbruck
65%
Austria Salzburg
65%
Puerto Rico San Juan
65%
Switzerland Basel
63%
Colombia Cali
63%
Colombia Cartagena
63%
Italy Catania
63%
Morocco Fes
63%
Ecuador Guayaquil
63%
Spain Menorca
63%
Dominican Republic Punta Cana
63%
Spain Vigo
63%
Portugal Funchal
62%
Italy Bologna
61%
Spain Lanzarote
61%
United States Philadelphia
61%
Croacia Dubrovnik
59%
France Nantes
59%
Morocco Tangier
59%
Brazil Salvador
58%
Greece Santorini
58%
Spain Almeria
56%
Italy Bergamo
56%
Italy Cagliari
56%
Moldova Chisinau
56%
Romania Cluj-Napoca
56%
Uzbekistan Tashkent
56%
United States Charlotte
55%
Spain Granada
55%
Turkey Izmir
55%
Bolivia Santa Cruz
55%
China Shenzhen
55%
France Strasbourg
55%
Netherlands Eindhoven
54%
Spain Fuerteventura
54%
Egypt Luxor
54%
Poland Katowice
52%
Italy Verona
52%
Tanzania Zanzibar
52%
China Chongqing
51%
Greece Heraklion
51%
United States Newark
51%
Portugal Ponta Delgada
51%
Spain San Sebastian
51%
Spain Santander
51%
Morocco Agadir
49%
Greece Corfu
49%
Mauritius Mauritius
49%
Brazil Recife
49%
Spain Jerez
48%
Greece Mykonos
48%
Italy Brindisi
46%
Spain La Palma
46%
Spain Asturias
45%
Lithuania Kaunas
45%
Equatorial Guinea Malabo
44%
Norway Tromso
44%
Belgium Charleroi
42%
Spain Pamplona
42%
Gambia Banjul
41%
Romania Iasi
41%
Spain Melilla
41%
Denmark Billund
39%
Italy Olbia
39%
Finland Rovaniemi
39%
Honduras San Pedro Sula
38%
Spain Badajoz
37%
Romania Timisoara
37%
Italy Alghero
35%
Morocco Tetouan
35%
Morocco Nador
34%
Spain Castellon
31%
Bolivia Cochabamba
31%
Cuba Santiago de Cuba
31%
Morocco Essaouira
30%
China Hangzhou
30%
Dominican Republic La Romana
30%
Italy Lamezia Terme
28%
Cape Verde Boa Vista
27%
Romania Brasov
27%
Egypt Aswan
25%
Romania Bacau
24%
France Beauvais
23%
Western Sahara Dakhla
23%
Italy Treviso
23%
Spain Logrono
21%
Uzbekistan Urgench
20%
Spain Andorra-La Seu
15%
Dominican Republic Santiago de los Caballeros
14%
China Wenzhou
14%
Honduras Comayagua
11%
Algeria Hassi Messaoud
3%
No matching quizzes found
Score Distribution
Percent of People with Each Score
Percentile by Number Answered
Your Score History
You have not taken this quiz